[Event "Lima Silicio op 2nd"]
[Site "Lima"]
[Date "2023.03.03"]
[Round "1"]
[White "Saenz Ayllon, Ivan David"]
[Black "Alvarado Ramirez, Marco Antonio"]
[Result "0-1"]
[WhiteElo "1796"]
[BlackElo "1167"]
[PlyCount "60"]
[EventDate "2023.03.03"]
[EventType "swiss"]
[EventRounds "7"]
[EventCountry "PER"]
[SourceTitle "CBM 213 Extra"]
[Source "ChessBase"]
[SourceDate "2023.05.31"]
[SourceVersion "1"]
[SourceVersionDate "2023.05.31"]
[SourceQuality "1"]

1. d4 f5 2. c4 Nf6 3. Nf3 e6 4. g3 d6 5. Bg2 Be7 6. 0-0 0-0 7. Nc3 Nc6 8. d5 exd5 9. cxd5 Ne5 10. Ng5 h6 11. Ne6 Bxe6 12. dxe6 c6 13. Qc2 Qe8 14. Qxf5 Nfg4 15. Qc2 Nxh2 16. Rd1 d5 17. f3 Qh5 18. Nxd5 cxd5 19. Rxd5 Nexf3+ 20. exf3 Qxd5 21. Kxh2 Rac8 22. Qe2 Qh5+ 23. Kg1 Qg6 24. Bf4 Rc2 25. Qe5 Bc5+ 26. Kh2 Rf5 27. Qb8+ Kh7 28. g4 Rh5+ 29. gxh5 Qxh5+ 30. Kg3 Bf2# 0-1